[Event "CCT Play-in Chessable Masters 2024"]
[Site "Online"]
[Date "2024.01.31"]
[Round "2"]
[White "So, Wesley"]
[Black "Mishra, Abhimanyu"]
[Result "1/2-1/2"]
[WhiteElo "2757"]
[BlackElo "2627"]
[Annotator "RC"]
[PlyCount "96"]
[EventDate "2024.01.26"]
[EventType "swiss"]
[EventCountry "NET"]
[SourceTitle "playchess.com"]
[Source "ChessBase"]
[SourceQuality "1"]

1. d4 d5 2. c4 c6 3. Nc3 Nf6 4. cxd5 cxd5 5. Bf4 Nc6 6. e3 a6 7. Bd3 Bg4 8. Nge2 e6 9. Rc1 Bd6 10. Bxd6 Qxd6 11. O-O O-O 12. Na4 e5 13. dxe5 Qxe5 14. h3 Bxe2 15. Qxe2 d4 16. e4 Nb4 17. Bb1 d3 18. Qd2 Qd4 19. a3 Nc6 20. Nc5 Nxe4 21. Qxd3 Qxd3 22. Bxd3 Nxc5 23. Rxc5 Rfd8 24. Be4 Rd2 25. b4 Ra2 26. Rd1 Re8 27. Bxc6 bxc6 28. Rd3 h6 29. Rxc6 Re1+ 30. Kh2 Rxf2 31. Rxa6 Ree2 32. Rg3 Rb2 33. h4 h5 34. Ra5 g6 35. Rxh5 Rf4 36. Re5 Rxh4+ 37. Kg1 Rf4 38. Re1 Rff2 39. Kh2 Rfc2 40. Kh3 Kg7 41. Re7 Kf6 42. Ra7 Kg7 43. b5 Rxb5 44. Rf3 Rh5+ 45. Kg3 Rg5+ 46. Kh3 Rh5+ 47. Kg3 Rg5+ 48. Kh3 Rh5+ 1/2-1/2

[Event "CCT Play-in Chessable Masters 2024"]
[Site "Online"]
[Date "2024.01.31"]
[Round "2"]
[White "Kramnik, Vladimir"]
[Black "Angry_Twin"]
[Result "1-0"]
[WhiteElo "2753"]
[BlackElo "2509"]
[Annotator "RC"]
[PlyCount "133"]
[EventDate "2024.01.26"]
[EventType "swiss"]
[EventCountry "NET"]
[SourceTitle "playchess.com"]
[Source "ChessBase"]
[SourceQuality "1"]

1. c4 e6 2. Nf3 d5 3. e3 Nf6 4. d4 b6 5. Nc3 Bd6 6. b3 O-O 7. Bb2 a6 8. Be2 Bb7 9. O-O Nbd7 10. a4 c5 11. h3 cxd4 12. exd4 dxc4 13. bxc4 e5 14. a5 exd4 15. Nxd4 bxa5 16. Ne6 fxe6 17. Qxd6 Re8 18. Rfd1 Rc8 19. Bf1 Qb6 20. Ba3 Qxd6 21. Bxd6 Nc5 22. Rxa5 Nce4 23. Nxe4 Nxe4 24. Bb4 Red8 25. Rb1 Rd7 26. Ra2 Kf7 27. Be1 Rc6 28. f3 Nf6 29. Ra5 Ne8 30. Bf2 Nd6 31. Rd1 Ke8 32. c5 Nf5 33. Rxd7 Kxd7 34. Bd3 h5 35. Ra4 Ke7 36. g4 hxg4 37. hxg4 Nh6 38. Be4 Rc7 39. Bxb7 Rxb7 40. Rxa6 Nf7 41. c6 Rb1+ 42. Kg2 Rc1 43. Ra7+ Kf6 44. c7 e5 45. Bb6 Nd6 46. Ra8 Rc2+ 47. Kg3 Ke7 48. Rg8 Kf7 49. Rd8 Ke6 50. Ba5 Rc4 51. Kh4 Nf5+ 52. Kg5 Ne7 53. Bb6 Rc6 54. Rb8 Kf7 55. Kh4 Ke6 56. Kg3 Rc3 57. Kf2 Kd7 58. Rd8+ Ke6 59. Ke2 Rc6 60. Rb8 Kd7 61. Ba5 Nc8 62. Kd3 Rc5 63. Ra8 g6 64. Ra6 g5 65. Bd2 Rxc7 66. Rg6 Rc5 67. Bxg5 1-0

[Event "CCT Play-in Chessable Masters 2024"]
[Site "Online"]
[Date "2024.01.31"]
[Round "2"]
[White "Vidit, Santosh Gujrathi"]
[Black "SpeedofLight0"]
[Result "0-1"]
[WhiteElo "2742"]
[BlackElo "2472"]
[Annotator "RC"]
[PlyCount "130"]
[EventDate "2024.01.26"]
[EventType "swiss"]
[EventCountry "NET"]
[SourceTitle "playchess.com"]
[Source "ChessBase"]
[SourceQuality "1"]

1. Nf3 Nf6 2. c4 e6 3. Nc3 d5 4. e3 c5 5. d4 a6 6. cxd5 exd5 7. Bd3 Nc6 8. O-O Bg4 9. Be2 Be7 10. Ne5 Bxe2 11. Qxe2 Rc8 12. Nxc6 Rxc6 13. dxc5 Bxc5 14. Rd1 O-O 15. Qd3 Re8 16. h3 Rd6 17. Qf5 Ba7 18. Bd2 h6 19. Rac1 d4 20. exd4 Bxd4 21. Qf3 Qb6 22. Bf4 Rdd8 23. Rd2 Rc8 24. Rdc2 Rcd8 25. Ne2 Be5 26. Be3 Qe6 27. Qxb7 Rb8 28. Qc6 Qxc6 29. Rxc6 Rxb2 30. R6c2 Reb8 31. g3 Nd5 32. Bd4 Bxd4 33. Nxd4 Kh7 34. Kg2 R8b4 35. Nb3 Rxc2 36. Rxc2 Ra4 37. Rc5 Nf6 38. Ra5 Rxa5 39. Nxa5 Kg6 40. Nc6 Nd5 41. a4 Kf5 42. Kf3 Ke6 43. Nb8 Nb4 44. Ke4 Kd6 45. Kd4 Kc7 46. Kc4 a5 47. Kb5 Kxb8 48. Kxa5 Nd3 49. f4 Nf2 50. h4 h5 51. Kb5 Ne4 52. Kc6 Nxg3 53. Kd7 Nf5 54. Ke8 Nxh4 55. Kxf7 Nf5 56. Kg6 h4 57. Kxf5 h3 58. Kg6 h2 59. Kxg7 h1=Q 60. f5 Qg2+ 61. Kf7 Qd5+ 62. Kg6 Qg8+ 63. Kf6 Qf8+ 64. Kg6 Kc7 65. f6 Kd6 0-1

[Event "CCT Play-in Chessable Masters 2024"]
[Site "Online"]
[Date "2024.01.31"]
[Round "2"]
[White "Andreikin, Dmitry"]
[Black "Elsa167"]
[Result "1/2-1/2"]
[WhiteElo "2729"]
[BlackElo "2336"]
[Annotator "NA"]
[PlyCount "128"]
[EventDate "2024.01.26"]
[EventType "swiss"]
[EventCountry "NET"]
[SourceTitle "playchess.com"]
[Source "ChessBase"]
[SourceQuality "1"]

1. d4 Nf6 2. c4 e6 3. Nf3 c5 4. Nc3 d5 5. cxd5 exd5 6. Bg5 Be6 7. e3 c4 8. Qa4+ Nbd7 9. e4 dxe4 10. d5 Bg4 11. Ne5 Qb6 12. Bxc4 Qxb2 13. O-O Qxc3 14. Nxg4 Nxg4 15. Bb5 Nge5 16. Rac1 Qa3 17. Bxd7+ Nxd7 18. Qxe4+ Be7 19. Rfe1 f6 20. Bf4 Ne5 21. Bxe5 fxe5 22. Qxe5 O-O 23. Qxe7 Qxa2 24. Qc5 Rad8 25. d6 b6 26. Qd4 Rd7 27. h3 Qf7 28. Rc6 h6 29. Rec1 Qf6 30. Qd2 Rfd8 31. Rd1 Kh8 32. Qd5 Qf4 33. Qe6 Qf7 34. Qe4 Qf6 35. Qd3 Qe6 36. Kh1 Qf6 37. f3 Qe6 38. Qd4 Qf6 39. Qd5 Qf7 40. Qe5 Qf6 41. Qg3 Kh7 42. Kh2 Qg6 43. Qf4 Qf6 44. Qe4+ Qg6 45. Rd5 Re8 46. Qc4 Red8 47. Qd4 Qf6 48. Qd3+ Kh8 49. Qd2 Qe6 50. Qd4 Qf6 51. Qd2 Qe6 52. f4 Kh7 53. Qd4 Qg6 54. Qe5 b5 55. f5 Qf6 56. Qe6 b4 57. Rc7 Qxe6 58. fxe6 Rxd6 59. Rxd6 Rxd6 60. e7 Re6 61. Rxa7 b3 62. Rb7 b2 63. Rxb2 Rxe7 64. Rf2 Kg8 1/2-1/2

[Event "CCT Play-in Chessable Masters 2024"]
[Site "Online"]
[Date "2024.01.31"]
[Round "2"]
[White "Zohid6"]
[Black "Lysyj, Igor"]
[Result "1/2-1/2"]
[WhiteElo "2723"]
[BlackElo "2589"]
[Annotator "TA"]
[PlyCount "132"]
[EventDate "2024.01.26"]
[EventType "swiss"]
[EventCountry "NET"]
[SourceTitle "playchess.com"]
[Source "ChessBase"]
[SourceQuality "1"]

1. e4 e5 2. Nf3 Nc6 3. Bb5 a6 4. Ba4 Nf6 5. O-O Nxe4 6. d4 b5 7. Bb3 d5 8. dxe5 Be6 9. c3 Be7 10. Nbd2 Qd7 11. Bc2 Bf5 12. Nb3 Bg6 13. Nfd4 Nxe5 14. f4 c5 15. fxe5 cxd4 16. cxd4 O-O 17. Bf4 f6 18. Qe2 a5 19. Bd3 a4 20. Nd2 Qa7 21. Nf3 fxe5 22. Bxe5 b4 23. Rac1 Rac8 24. Ba6 Rxc1 25. Rxc1 Qb6 26. Qb5 Qxb5 27. Bxb5 a3 28. bxa3 Nc3 29. Bf1 Ra8 30. axb4 Bxb4 31. Bg3 Rxa2 32. Be1 Ra3 33. Ne5 Be8 34. Kh1 Ba5 35. g3 h6 36. Bg2 Kh7 37. Bxc3 Bxc3 38. Bxd5 Ra1 39. Be4+ g6 40. Rxa1 Bxa1 41. Nf3 Kg7 42. Kg2 Kf6 43. Kf2 g5 44. Ke3 Bd7 45. Ne5 Be6 46. Bd3 Bc3 47. Be4 Bb2 48. Kd3 Ba3 49. Nc6 Bd6 50. d5 Bd7 51. Na5 h5 52. Nb7 Be5 53. Nc5 Bb5+ 54. Ke3 h4 55. Bf3 hxg3 56. hxg3 g4 57. Bxg4 Bxg3 58. Ne4+ Ke5 59. Nxg3 Kxd5 60. Bf3+ Ke5 61. Be4 Bd7 62. Ne2 Bb5 63. Nd4 Bd7 64. Nf3+ Kd6 65. Kd4 Bc6 66. Bxc6 Kxc6 1/2-1/2

[Event "CCT Play-in Chessable Masters 2024"]
[Site "Online"]
[Date "2024.01.31"]
[Round "2"]
[White "LevonAronian"]
[Black "zvonokchess"]
[Result "1-0"]
[WhiteElo "2711"]
[BlackElo "2538"]
[Annotator "TA"]
[PlyCount "114"]
[EventDate "2024.01.26"]
[EventType "swiss"]
[EventCountry "NET"]
[SourceTitle "playchess.com"]
[Source "ChessBase"]
[SourceQuality "1"]

1. e4 e5 2. Bc4 Nf6 3. d3 c6 4. Bb3 d5 5. exd5 cxd5 6. Ne2 h6 7. O-O Nc6 8. d4 e4 9. Nbc3 Bb4 10. Bf4 O-O 11. Be5 Bxc3 12. Nxc3 Be6 13. Bxf6 Qxf6 14. Nxd5 Qg5 15. Ne3 Bxb3 16. axb3 f5 17. f4 exf3 18. Rxf3 f4 19. Nc4 b5 20. Na5 Ne7 21. Qd3 Nf5 22. Qxb5 Kh8 23. Nc6 Rf6 24. Rf2 f3 25. Rxf3 Rc8 26. Raf1 Rcxc6 27. Rxf5 Rxf5 28. Qxf5 Qxf5 29. Rxf5 Rxc2 30. b4 Rxb2 31. b5 Rd2 32. Rd5 Kh7 33. h4 Kg6 34. Kh2 Rd3 35. g4 Rb3 36. Rf5 Rb4 37. h5+ Kh7 38. Rd5 Rb3 39. Kg2 Kg8 40. Kf2 Kf7 41. Rd7+ Kf6 42. Rxa7 Rxb5 43. Kf3 Rb1 44. Ra6+ Kf7 45. Ke4 Rg1 46. Rg6 Re1+ 47. Kd5 Rd1 48. Kc5 Rc1+ 49. Kd6 Rd1 50. d5 Rd4 51. Kc6 Rc4+ 52. Kd7 Rd4 53. d6 Ra4 54. Kc7 Rc4+ 55. Kd8 Rd4 56. d7 Rc4 57. Rb6 Rxg4 1-0

[Event "CCT Play-in Chessable Masters 2024"]
[Site "Online"]
[Date "2024.01.31"]
[Round "2"]
[White "KuzubovYuriy"]
[Black "Kevlishvili, Robby"]
[Result "0-1"]
[WhiteElo "2703"]
[BlackElo "2531"]
[Annotator "TA"]
[PlyCount "72"]
[EventDate "2024.01.26"]
[EventType "swiss"]
[EventCountry "NET"]
[SourceTitle "playchess.com"]
[Source "ChessBase"]
[SourceQuality "1"]

1. d4 d5 2. c4 c6 3. Nf3 Nf6 4. Nc3 e6 5. e3 Nbd7 6. Be2 Bd6 7. b3 b6 8. Bb2 Bb7 9. O-O O-O 10. Re1 Rc8 11. a4 h6 12. a5 Bb4 13. a6 Ba8 14. Rf1 dxc4 15. bxc4 Bxc3 16. Bxc3 c5 17. Qb3 Qc7 18. Rfc1 Bxf3 19. Bxf3 cxd4 20. Bxd4 Nc5 21. Qc3 Nfe4 22. Qc2 f5 23. Rd1 Rfd8 24. Qb2 Qe7 25. h3 Rd7 26. Qa3 Qf7 27. Rab1 Rcd8 28. Qa1 Kh7 29. Be2 Qe7 30. g3 e5 31. Bxe5 Rd2 32. Re1 Nd3 33. Bxd3 R8xd3 34. Rf1 Ra3 35. Bxg7 Rxa1 36. Bxa1 Nxf2 0-1

[Event "CCT Play-in Chessable Masters 2024"]
[Site "Online"]
[Date "2024.01.31"]
[Round "2"]
[White "Sarana, Alexey"]
[Black "Alonso Rosell, Alvar"]
[Result "0-1"]
[WhiteElo "2695"]
[BlackElo "2562"]
[Annotator "TA"]
[PlyCount "150"]
[EventDate "2024.01.26"]
[EventType "swiss"]
[EventCountry "NET"]
[SourceTitle "playchess.com"]
[Source "ChessBase"]
[SourceQuality "1"]

1. d4 Nf6 2. c4 c5 3. d5 e6 4. Nc3 exd5 5. cxd5 d6 6. e4 g6 7. Nf3 Bg7 8. h3 O-O 9. Bd3 b5 10. Nxb5 Re8 11. O-O Nxe4 12. Bf4 a6 13. Na3 Nf6 14. Bc2 Bb7 15. Bb3 Bf8 16. Nc2 Nbd7 17. Ne3 Nb6 18. Re1 Bg7 19. Bh2 a5 20. a4 Re4 21. Ra3 Qd7 22. Nd2 Rd4 23. Nc2 Rd3 24. Re3 c4 25. Rxd3 cxd3 26. Ne3 Re8 27. Bc4 Nxc4 28. Ndxc4 Nxd5 29. Rxd3 Nxe3 30. Nxe3 d5 31. Bg3 d4 32. Nc2 Qxa4 33. f3 Ba6 34. Ra3 Qb5 35. Bf2 Qxb2 36. Rxa5 Be2 37. Qd2 d3 38. Rc5 dxc2 39. Rxc2 Qb5 40. Rc5 Qa6 41. Be3 Bb5 42. Kh2 Bf8 43. Rd5 Bc6 44. Rd3 Qb5 45. Bf4 Qf5 46. Bg3 h5 47. h4 Qe6 48. Qc2 Bb5 49. Rd2 Rc8 50. Qb2 Bc6 51. Qd4 Ra8 52. Qc3 Bd5 53. Qd3 Bc4 54. Qd4 Ra2 55. Rxa2 Bxa2 56. Be5 Bd5 57. Qf4 Bc6 58. Kh1 Be7 59. Bc3 f6 60. Qg3 Kf7 61. Bd2 Bd6 62. Qf2 Qe5 63. Qa7+ Bc7 64. f4 Qe7 65. Qa2+ Kg7 66. Qc4 Qe4 67. Qf1 Bb6 68. Kh2 Bd7 69. Qa6 Bc6 70. Qf1 Qd4 71. Qc1 Bb7 72. Bc3 Qf2 73. Bxf6+ Kxf6 74. Qc3+ Bd4 75. Qg3 Qg1+ 0-1

[Event "CCT Play-in Chessable Masters 2024"]
[Site "Online"]
[Date "2024.01.31"]
[Round "2"]
[White "Deac, Bogdan-Daniel"]
[Black "Sivuk, Vitaly"]
[Result "0-1"]
[WhiteElo "2690"]
[BlackElo "2502"]
[Annotator "TA"]
[PlyCount "72"]
[EventDate "2024.01.26"]
[EventType "swiss"]
[EventCountry "NET"]
[SourceTitle "playchess.com"]
[Source "ChessBase"]
[SourceQuality "1"]

1. d4 Nf6 2. c4 e6 3. Nf3 d5 4. g3 Bb4+ 5. Nbd2 dxc4 6. Bg2 b5 7. a3 Be7 8. Ne5 Nd5 9. b3 c3 10. Nb1 Bb7 11. e4 Nf6 12. Qd3 a6 13. Nxc3 Nbd7 14. Nxd7 Qxd7 15. O-O Rd8 16. Rd1 O-O 17. Qc2 Qc8 18. b4 Rd7 19. Be3 Rfd8 20. Rac1 Ng4 21. e5 Bxg2 22. Kxg2 Qa8+ 23. Qe4 Qxe4+ 24. Nxe4 Nxe5 25. Nc5 Bxc5 26. Rxc5 Nc4 27. Ra1 Nb6 28. Rc6 Ra8 29. Bf4 Nd5 30. Kf3 a5 31. Rac1 axb4 32. axb4 Nxf4 33. gxf4 Rxd4 34. Rxc7 g6 35. Rb7 Ra3+ 36. Kg4 e5 0-1

[Event "CCT Play-in Chessable Masters 2024"]
[Site "Online"]
[Date "2024.01.31"]
[Round "2"]
[White "Saric, Ivan"]
[Black "Vladimir_Zakhartsov"]
[Result "1-0"]
[WhiteElo "2689"]
[BlackElo "2547"]
[Annotator "TA"]
[PlyCount "101"]
[EventDate "2024.01.26"]
[EventType "swiss"]
[EventCountry "NET"]
[SourceTitle "playchess.com"]
[Source "ChessBase"]
[SourceQuality "1"]

1. e4 c5 2. Nf3 d6 3. d4 Nf6 4. Nc3 cxd4 5. Nxd4 a6 6. h3 b5 7. a4 b4 8. Nd5 e6 9. Nxf6+ Qxf6 10. g4 Bb7 11. Bg2 Nc6 12. Be3 Nxd4 13. Bxd4 e5 14. Be3 a5 15. Qd3 Qd8 16. g5 Be7 17. h4 Qc7 18. Rc1 Bc6 19. b3 Qb7 20. c4 bxc3 21. Rxc3 O-O 22. O-O Bd7 23. Rfc1 Rfc8 24. Qd5 Qxd5 25. exd5 Rxc3 26. Rxc3 Bd8 27. Kf1 Rb8 28. h5 f5 29. gxf6 gxf6 30. Bh6 Rb4 31. Rg3+ Rg4 32. Bf3 Rxg3 33. fxg3 f5 34. Bd2 Kf7 35. Be2 Kf6 36. Bb5 Bxb5+ 37. axb5 Bb6 38. Ke2 e4 39. Be3 Bxe3 40. Kxe3 Ke7 41. g4 fxg4 42. Kxe4 Kd7 43. Kf4 Kc7 44. Kxg4 Kb6 45. Kg5 Kc5 46. b6 Kxb6 47. Kh6 Kc5 48. Kxh7 Kxd5 49. h6 a4 50. bxa4 Kc4 51. Kg6 1-0

[Event "CCT Play-in Chessable Masters 2024"]
[Site "Online"]
[Date "2024.01.31"]
[Round "2"]
[White "alexrustemov"]
[Black "Sankalp Gupta"]
[Result "1-0"]
[WhiteElo "2689"]
[BlackElo "2535"]
[Annotator "TA"]
[PlyCount "121"]
[EventDate "2024.01.26"]
[EventType "swiss"]
[EventCountry "NET"]
[SourceTitle "playchess.com"]
[Source "ChessBase"]
[SourceQuality "1"]

1. d4 Nf6 2. c4 e6 3. Nf3 a6 4. Nc3 d5 5. cxd5 exd5 6. Bg5 Be6 7. e3 Nbd7 8. Bd3 Bd6 9. Qc2 c6 10. Bf4 Qc7 11. Bxd6 Qxd6 12. h3 O-O 13. O-O Rfe8 14. Rfc1 h6 15. Na4 Ne4 16. b4 Bf5 17. Nc5 Rab8 18. a4 Qf6 19. Bxe4 dxe4 20. Nxd7 Bxd7 21. Ne5 Bf5 22. b5 cxb5 23. axb5 axb5 24. Qe2 Qg5 25. Kh1 f6 26. Ng4 Bd7 27. Rc5 Qh4 28. Rc7 Re7 29. Rac1 b4 30. Qb2 Rbe8 31. Nh2 Bc6 32. Rxe7 Rxe7 33. Qxb4 f5 34. Qd6 Kh7 35. Nf1 Rd7 36. Qg3 Qf6 37. Rb1 b5 38. Qf4 g5 39. Qb8 f4 40. Rc1 Qd6 41. Qb6 Bd5 42. Qxb5 Rb7 43. Qe8 f3 44. g4 Qe6 45. Qd8 Qd7 46. Qf6 Qf7 47. Qe5 Re7 48. Qb8 Rb7 49. Qd6 Rd7 50. Qc5 h5 51. Ng3 hxg4 52. hxg4 Qe6 53. Qc8 Qh6+ 54. Kg1 Be6 55. Rc7 Qh3 56. Rxd7+ Bxd7 57. Qxd7+ Kg8 58. Qe8+ Kg7 59. Nf5+ Kf6 60. Qe7+ Kg6 61. Qg7# 1-0

[Event "CCT Play-in Chessable Masters 2024"]
[Site "Online"]
[Date "2024.01.31"]
[Round "2"]
[White "Sargissian, Gabriel"]
[Black "Holt, Conrad"]
[Result "1-0"]
[WhiteElo "2672"]
[BlackElo "2540"]
[Annotator "TA"]
[PlyCount "127"]
[EventDate "2024.01.26"]
[EventType "swiss"]
[EventCountry "NET"]
[SourceTitle "playchess.com"]
[Source "ChessBase"]
[SourceQuality "1"]

1. d4 d5 2. c4 c6 3. Nf3 Nf6 4. e3 Bg4 5. h3 Bxf3 6. Qxf3 e6 7. Nc3 Nbd7 8. a3 Be7 9. cxd5 cxd5 10. Bd2 O-O 11. Bd3 Qb6 12. Rb1 Rac8 13. O-O Qb3 14. Qd1 Qxd1 15. Rfxd1 Nb6 16. Rdc1 Nc4 17. Be1 Rc6 18. Kf1 Rfc8 19. Ke2 a6 20. Na2 Kf8 21. Rc2 Nb6 22. Rbc1 Rxc2+ 23. Rxc2 Rxc2+ 24. Bxc2 Nc4 25. Bc3 Ne4 26. Bxe4 dxe4 27. a4 Ke8 28. f3 f5 29. fxe4 fxe4 30. b3 Nb6 31. Be1 Nd5 32. Nc3 Nxc3+ 33. Bxc3 Kd7 34. d5 g6 35. dxe6+ Kxe6 36. Be1 Bd6 37. Bc3 Kd5 38. Be1 Kc6 39. Bc3 b5 40. axb5+ Kxb5 41. Be1 Bb4 42. Bh4 Bf8 43. Be1 Be7 44. Bc3 Bb4 45. Bf6 Ba5 46. Be7 Bb4 47. Bf6 Kc6 48. Bh4 Kd5 49. Bf6 Kc6 50. Bh4 Kb6 51. Bg5 Bd6 52. Bf6 Kb5 53. Bc3 Bc7 54. Be1 Ba5 55. Bxa5 Kxa5 56. Kd2 Kb4 57. Kc2 a5 58. h4 h5 59. Kb2 Kc5 60. Ka3 Kd6 61. Ka4 Ke5 62. Kxa5 Kf5 63. b4 Kg4 64. b5 1-0

[Event "CCT Play-in Chessable Masters 2024"]
[Site "Online"]
[Date "2024.01.31"]
[Round "2"]
[White "Predke, Alexandr"]
[Black "evgchess5"]
[Result "1/2-1/2"]
[WhiteElo "2668"]
[BlackElo "2704"]
[Annotator "RC"]
[PlyCount "129"]
[EventDate "2024.01.26"]
[EventType "swiss"]
[EventCountry "NET"]
[SourceTitle "playchess.com"]
[Source "ChessBase"]
[SourceQuality "1"]

1. e4 e5 2. Nf3 Nc6 3. Bb5 Nf6 4. d3 Bc5 5. c3 O-O 6. O-O d6 7. Nbd2 Bb6 8. h3 Ne7 9. Re1 Ng6 10. Nc4 c6 11. Nxb6 axb6 12. Bc4 h6 13. Bb3 Re8 14. Be3 b5 15. a4 bxa4 16. Bxa4 Be6 17. Bc2 Qc7 18. Qd2 d5 19. b4 b6 20. Reb1 c5 21. bxc5 bxc5 22. Qc1 c4 23. Rxa8 Rxa8 24. dxc4 Nxe4 25. Qb2 Qxc4 26. Nd2 Nxd2 27. Bxd2 e4 28. Be3 Nh4 29. Qb7 Rc8 30. Bb3 Qc6 31. Qxc6 Rxc6 32. Rd1 Nf5 33. Bxd5 Nxe3 34. fxe3 Bxd5 35. Rxd5 Rxc3 36. Kf2 Rc2+ 37. Kf1 g6 38. h4 Kg7 39. h5 Kf6 40. hxg6 fxg6 41. Ra5 h5 42. g3 Rd2 43. Rb5 Ke6 44. Rg5 Kf6 45. Rb5 Rc2 46. Ra5 g5 47. Rb5 Rh2 48. Ra5 Rb2 49. Rc5 Kg6 50. Re5 Rb4 51. Kf2 Kf6 52. Ra5 Kg6 53. Re5 Rc4 54. Kg2 Kf6 55. Ra5 Rc3 56. Kf2 Rc2+ 57. Kf1 Rd2 58. Rb5 Rc2 59. Ra5 Kg6 60. Re5 Rc4 61. Kg2 Kf6 62. Ra5 Rb4 63. Rc5 Ra4 64. Rb5 Rc4 65. Ra5 1/2-1/2

[Event "CCT Play-in Chessable Masters 2024"]
[Site "Online"]
[Date "2024.01.31"]
[Round "2"]
[White "Oparin, Grigoriy"]
[Black "Novik, Maxim"]
[Result "1-0"]
[WhiteElo "2664"]
[BlackElo "2399"]
[Annotator "TA"]
[PlyCount "83"]
[EventDate "2024.01.26"]
[EventType "swiss"]
[EventCountry "NET"]
[SourceTitle "playchess.com"]
[Source "ChessBase"]
[SourceQuality "1"]

1. d4 Nf6 2. c4 g6 3. Nc3 d5 4. cxd5 Nxd5 5. e4 Nxc3 6. bxc3 Bg7 7. Bc4 c5 8. Ne2 Nc6 9. Be3 O-O 10. O-O Na5 11. Bd3 b6 12. dxc5 e5 13. cxb6 axb6 14. Qb1 Be6 15. Bxb6 Qc8 16. Bxa5 Rxa5 17. a4 Rd8 18. Rd1 Bf8 19. Bb5 Bc5 20. Qc2 Qc7 21. Rxd8+ Qxd8 22. Rd1 Qf6 23. Nc1 Ra8 24. Nd3 Bb6 25. h3 Rd8 26. Qe2 h5 27. c4 Bd4 28. c5 Qg5 29. Kh2 h4 30. c6 Bb6 31. Qd2 Qe7 32. a5 Ba7 33. Rc1 Qc7 34. a6 Rb8 35. Rb1 Bc4 36. Bxc4 Rxb1 37. Bd5 Kg7 38. Qg5 Bd4 39. Qxh4 Rd1 40. Qg3 Qb6 41. Qf3 f6 42. Qxd1 1-0

[Event "CCT Play-in Chessable Masters 2024"]
[Site "Online"]
[Date "2024.01.31"]
[Round "2"]
[White "Volokitin, Andrei"]
[Black "Micki-taryan"]
[Result "1/2-1/2"]
[WhiteElo "2663"]
[BlackElo "2600"]
[Annotator "TA"]
[PlyCount "173"]
[EventDate "2024.01.26"]
[EventType "swiss"]
[EventCountry "NET"]
[SourceTitle "playchess.com"]
[Source "ChessBase"]
[SourceQuality "1"]

1. e4 e5 2. Nf3 Nc6 3. Bc4 Nf6 4. d3 Be7 5. O-O O-O 6. Re1 d6 7. a4 Na5 8. Ba2 Nc6 9. h3 h6 10. c3 a5 11. Na3 Re8 12. Bd2 Bf8 13. Qc2 Be6 14. Nc4 Ne7 15. d4 Ng6 16. Rad1 Qc8 17. Kh2 Nh5 18. Bb3 Nhf4 19. Ng1 exd4 20. cxd4 d5 21. Nxa5 dxe4 22. Rxe4 Bd6 23. g3 Bxb3 24. Rxe8+ Qxe8 25. Qxb3 Ne6 26. Nf3 b6 27. Nc4 Qxa4 28. Qxa4 Rxa4 29. Rc1 Bf8 30. Kg2 Ne7 31. Ne3 c6 32. Nc4 Nd5 33. Nce5 Nxd4 34. Nxd4 Rxd4 35. Nf3 Re4 36. Rxc6 Bc5 37. Kf1 Kh7 38. b3 Nb4 39. Rc7 f6 40. Rd7 Nc6 41. Bc3 Kg8 42. Nd2 Re6 43. Nc4 b5 44. Rd5 bxc4 45. Rxc5 cxb3 46. Rb5 Rd6 47. Rxb3 Rd1+ 48. Ke2 Rc1 49. h4 Kh7 50. Kf3 h5 51. Ra3 Kg6 52. Rb3 Rc2 53. Kg2 Ne7 54. Bd4 Nf5 55. Bb6 Nh6 56. Rb4 Ng4 57. Rb3 Ne5 58. Bd4 Nc6 59. Be3 Ne7 60. Ra3 Nd5 61. Rd3 Nb4 62. Rb3 Nc6 63. Rd3 Ne5 64. Rd2 Rc6 65. Bf4 Nc4 66. Re2 Nb6 67. Rd2 Kf5 68. Be3 Nc4 69. Re2 Re6 70. Kf1 Nxe3+ 71. fxe3 Kg4 72. Kg2 Re5 73. Rf2 Re4 74. Rf3 Rb4 75. Rf2 Ra4 76. Rd2 Re4 77. Rd4 Kf5 78. Kf3 Re5 79. Rf4+ Kg6 80. Rd4 Rb5 81. Rc4 Rb1 82. Rc5 Re1 83. Kf2 Rb1 84. Kf3 Rb7 85. Kf2 Re7 86. Kf3 Rb7 87. Kf4 1/2-1/2

[Event "CCT Play-in Chessable Masters 2024"]
[Site "Online"]
[Date "2024.01.31"]
[Round "2"]
[White "Matlakov, Maxim"]
[Black "Salgado Lopez, Ivan"]
[Result "1-0"]
[WhiteElo "2662"]
[BlackElo "2608"]
[Annotator "TA"]
[PlyCount "61"]
[EventDate "2024.01.26"]
[EventType "swiss"]
[EventCountry "NET"]
[SourceTitle "playchess.com"]
[Source "ChessBase"]
[SourceQuality "1"]

1. d4 d5 2. c4 e6 3. Nf3 Nf6 4. g3 Be7 5. Bg2 O-O 6. O-O c6 7. Qc2 b6 8. Rd1 Nbd7 9. b3 Bb7 10. Nc3 Rc8 11. e4 Nxe4 12. Nxe4 dxe4 13. Qxe4 Nf6 14. Qc2 Rc7 15. Ne5 Qa8 16. c5 bxc5 17. dxc5 Nd5 18. a3 a5 19. Bd2 Bf6 20. Re1 Qa7 21. Rad1 Be7 22. Rc1 Ra8 23. h4 f6 24. Nd3 e5 25. f4 exf4 26. Nxf4 Nxf4 27. Bxf4 Rd7 28. Be4 g6 29. Bxg6 hxg6 30. Qxg6+ Kh8 31. Qh5+ 1-0

[Event "CCT Play-in Chessable Masters 2024"]
[Site "Online"]
[Date "2024.01.31"]
[Round "2"]
[White "crescentmoon"]
[Black "Ibarra Jerez, Jose Carlos"]
[Result "0-1"]
[WhiteElo "2660"]
[BlackElo "2559"]
[Annotator "TA"]
[PlyCount "48"]
[EventDate "2024.01.26"]
[EventType "swiss"]
[EventCountry "NET"]
[SourceTitle "playchess.com"]
[Source "ChessBase"]
[SourceQuality "1"]

1. d4 Nf6 2. c4 d6 3. Nf3 g6 4. Nc3 Bf5 5. Qb3 b6 6. g3 Bg7 7. Bg2 Nc6 8. d5 Na5 9. Qd1 Qd7 10. Nd4 Bh3 11. Bxh3 Qxh3 12. Qa4+ Nd7 13. Be3 O-O 14. O-O-O Ne5 15. b3 Ng4 16. Qd7 Rfd8 17. Qxc7 Nxe3 18. fxe3 Rd7 19. Qc6 Nxc6 20. dxc6 Rc7 21. Nd5 Bxd4 22. Nxc7 Bxe3+ 23. Kc2 Rc8 24. Nd5 Bg5 0-1

[Event "CCT Play-in Chessable Masters 2024"]
[Site "Online"]
[Date "2024.01.31"]
[Round "2"]
[White "Bartel, Mateusz"]
[Black "Safarli, Eltaj"]
[Result "0-1"]
[WhiteElo "2657"]
[BlackElo "2604"]
[Annotator "TA"]
[PlyCount "116"]
[EventDate "2024.01.26"]
[EventType "swiss"]
[EventCountry "NET"]
[SourceTitle "playchess.com"]
[Source "ChessBase"]
[SourceQuality "1"]

1. e4 c5 2. Nf3 e6 3. Nc3 Nc6 4. Bc4 Nf6 5. O-O d5 6. exd5 exd5 7. Re1+ Be7 8. Bf1 d4 9. Ne4 Nxe4 10. Rxe4 Bf5 11. Re1 d3 12. c3 O-O 13. Qa4 Bf6 14. b3 Qd6 15. Ba3 b6 16. Re3 Rad8 17. Rae1 h6 18. g3 Ne7 19. Nd4 Bg6 20. Bxd3 Bxd3 21. Rxd3 Nf5 22. Rf3 Nxd4 23. cxd4 Qxd4 24. Qxd4 Bxd4 25. b4 cxb4 26. Bxb4 Rfe8 27. Rxe8+ Rxe8 28. Kf1 a5 29. Bc3 Bc5 30. d4 Bd6 31. Re3 Rc8 32. Ke2 a4 33. Kd3 b5 34. Re1 Kf8 35. Rb1 Rb8 36. d5 h5 37. f4 g6 38. Be5 Ke7 39. Rc1 b4 40. Bd4 b3 41. Rb1 bxa2 42. Ra1 Rb3+ 43. Kc4 Ra3 44. Bb2 Re3 45. Rxa2 a3 46. Bd4 Re1 47. Bc3 Rc1 48. Kd3 Kd7 49. Bd4 Rd1+ 50. Kc4 Rf1 51. Kd3 h4 52. Ke4 h3 53. Be5 Bc5 54. g4 Rf2 55. Rxf2 Bxf2 56. Kf3 Bc5 57. Kg3 a2 58. Kxh3 Bd6 0-1

[Event "CCT Play-in Chessable Masters 2024"]
[Site "Online"]
[Date "2024.01.31"]
[Round "2"]
[White "Bluebaum, Matthias"]
[Black "Warmerdam, Max"]
[Result "1/2-1/2"]
[WhiteElo "2655"]
[BlackElo "2625"]
[Annotator "TA"]
[PlyCount "58"]
[EventDate "2024.01.26"]
[EventType "swiss"]
[EventCountry "NET"]
[SourceTitle "playchess.com"]
[Source "ChessBase"]
[SourceQuality "1"]

1. d4 d5 2. c4 e6 3. Nc3 c5 4. e3 Nf6 5. Nf3 a6 6. cxd5 exd5 7. g3 c4 8. Bg2 Bb4 9. Bd2 O-O 10. O-O Re8 11. Ne5 Nc6 12. Nxc6 bxc6 13. b3 a5 14. bxc4 Ba6 15. a3 Bxc3 16. Bxc3 Bxc4 17. Re1 Ne4 18. Qc2 a4 19. Bb4 h5 20. f3 Nd6 21. e4 Nb5 22. Bc5 Bb3 23. Qd3 dxe4 24. fxe4 Qd7 25. d5 Rad8 26. Bb6 Rb8 27. Bc5 Rbd8 28. Bb6 Rb8 29. Bc5 Rbd8 1/2-1/2